[Event "Sebes Romanian Rapid op"]
[Site "Sebes"]
[Date "2022.12.02"]
[Round "2"]
[White "Stefan, Iulia Cristiana"]
[Black "Ceteras, Marius Nicolae"]
[Result "0-1"]
[WhiteElo "1662"]
[BlackElo "2391"]
[PlyCount "124"]
[EventDate "2022.12.02"]
[EventType "swiss (rapid)"]
[EventRounds "8"]
[EventCountry "ROU"]
[SourceTitle "CBM 211 Extra"]
[Source "ChessBase"]
[SourceDate "2023.01.31"]
[SourceVersion "1"]
[SourceVersionDate "2023.01.31"]
[SourceQuality "1"]

1. e4 c5 2. Nc3 Nc6 3. g3 Rb8 4. Bg2 b5 5. d3 b4 6. Nd5 e6 7. Ne3 g6 8. Nh3 Bg7 9. 0-0 Nge7 10. f4 f5 11. e5 d5 12. exd6 Qxd6 13. Nc4 Qc7 14. Ng5 0-0 15. Re1 Nd4 16. Ne5 Nd5 17. Bd2 h6 18. Ngf3 Nxf3+ 19. Bxf3 Kh7 20. Rb1 a5 21. c3 Re8 22. Nxg6 Ba6 23. c4 Bd4+ 24. Kg2 Kxg6 25. Bh5+ Kg7 26. Bxe8 Rxe8 27. cxd5 Bb7 28. Qh5 Qd8 29. Kh3 Qxd5 30. Re2 Rf8 31. b3 Rf6 32. Rf1 Rg6 33. Bc1 a4 34. bxa4 Bc6 35. Qh4 Bf6 36. Bb2 Qxd3 37. Bxf6+ Rxf6 38. Qh5 Rg6 39. Rff2 Bd5 40. Qh4 Rf6 41. Qh5 c4 42. Qe8 b3 43. axb3 cxb3 44. Qe7+ Rf7 45. Qb4 Qd1 46. Qd2 Qb1 47. Qd4+ Kg6 48. Qb2 Qd3 49. Qe5 h5 50. Qe3 Qc4 51. Rd2 Rb7 52. Qe5 Qc6 53. Qh8 Bf3 54. Rxf3 Qxf3 55. Qe8+ Kf6 56. Qh8+ Rg7 57. Qf8+ Kg6 58. Qe8+ Kf6 59. Qf8+ Kg6 60. Qe8+ Kh7 61. Qxe6 Rxg3+ 62. hxg3 Qh1+ 0-1

[Event "ROM-ch blitz"]
[Site "Bucharest"]
[Date "2022.03.13"]
[Round "5"]
[White "Bulau, Andrei Cristian"]
[Black "Ceteras, Marius Nicolae"]
[Result "1/2-1/2"]
[WhiteElo "1926"]
[BlackElo "2343"]
[PlyCount "47"]
[EventDate "2022.03.13"]
[EventType "swiss (blitz)"]
[EventRounds "9"]
[EventCountry "ROU"]
[SourceTitle "EXT 2023"]
[Source "ChessBase"]
[SourceDate "2022.10.05"]
[SourceVersion "1"]
[SourceVersionDate "2022.10.05"]
[SourceQuality "1"]

1. d4 d5 2. c4 e6 3. Nc3 Nf6 4. cxd5 exd5 5. Bg5 c6 6. e3 Be7 7. Bd3 Bg4 8. Qc2 Nbd7 9. Nge2 0-0 10. 0-0 Bh5 11. Rae1 Bg6 12. Bxg6 hxg6 13. a3 Ne8 14. Bxe7 Qxe7 15. Nf4 Nd6 16. Rc1 Rfe8 17. Nd3 Nf6 18. Nc5 Rad8 19. Rfe1 Rb8 20. h3 Rbd8 21. Red1 Rb8 22. Re1 Rbd8 23. Red1 Rb8 24. Re1 1/2-1/2

[Event "ROM-ch blitz"]
[Site "Bucharest"]
[Date "2022.03.13"]
[Round "4"]
[White "Ceteras, Marius Nicolae"]
[Black "Costachi, Mihnea"]
[Result "0-1"]
[WhiteElo "2343"]
[BlackElo "2464"]
[PlyCount "102"]
[EventDate "2022.03.13"]
[EventType "swiss (blitz)"]
[EventRounds "9"]
[EventCountry "ROU"]
[SourceTitle "EXT 2023"]
[Source "ChessBase"]
[SourceDate "2022.10.05"]
[SourceVersion "1"]
[SourceVersionDate "2022.10.05"]
[SourceQuality "1"]

1. d4 Nf6 2. c4 g6 3. Nc3 Bg7 4. e4 d6 5. f3 0-0 6. Be3 c5 7. Nge2 Nc6 8. Qd2 cxd4 9. Nxd4 Bd7 10. Be2 Rc8 11. 0-0 a6 12. Rfc1 Nxd4 13. Bxd4 Qa5 14. Rab1 Qh5 15. b4 Be6 16. Nd5 Bxd5 17. cxd5 Bh6 18. Be3 Bxe3+ 19. Qxe3 Qe5 20. Qd2 h5 21. b5 axb5 22. Bxb5 Rxc1+ 23. Rxc1 Ra8 24. a4 h4 25. Qc3 Qg5 26. Re1 Nh5 27. Kf2 Kh7 28. Qc1 Qe5 29. Rh1 Nf4 30. g3 Qd4+ 31. Kf1 Nh5 32. Kg2 Qe5 33. Qa1 Qg5 34. Qc1 Qf6 35. Qa1 h3+ 36. Kf2 Qg5 37. Qc1 Qe5 38. Qa1 Qxa1 39. Rxa1 Rc8 40. Ra2 Nf6 41. g4 Rc3 42. Re2 g5 43. Kg3 Kg6 44. e5 Nxd5 45. exd6 exd6 46. Rd2 Nf4 47. Rxd6+ f6 48. Be8+ Kg7 49. Rd7+ Kf8 50. Bh5 Rc2 51. Rf7+ Kg8 0-1

[Event "ROM-ch blitz"]
[Site "Bucharest"]
[Date "2022.03.13"]
[Round "8"]
[White "Ceteras, Marius Nicolae"]
[Black "David, Alexandru Vasile"]
[Result "0-1"]
[WhiteElo "2343"]
[BlackElo "2393"]
[PlyCount "53"]
[EventDate "2022.03.13"]
[EventType "swiss (blitz)"]
[EventRounds "9"]
[EventCountry "ROU"]
[SourceTitle "EXT 2023"]
[Source "ChessBase"]
[SourceDate "2022.10.05"]
[SourceVersion "1"]
[SourceVersionDate "2022.10.05"]
[SourceQuality "1"]

1. d4 d5 2. c4 e6 3. Nc3 Nf6 4. Bg5 dxc4 5. e4 h6 6. Bxf6 Qxf6 7. Bxc4 Nc6 8. Nf3 Bd7 9. 0-0 0-0-0 10. e5 Qe7 11. Rb1 g5 12. Ne4 g4 13. Ne1 Be8 14. Qxg4 Rxd4 15. Bb3 Nxe5 16. Qf4 Bg7 17. Nc2 Rd8 18. Rbd1 Bc6 19. Ng3 Nd3 20. Qg4 Bxb2 21. Ne3 Ne5 22. Qh5 Qg5 23. Qh3 Bd4 24. Kh1 Bxe3 25. fxe3 Ng4 26. Rc1 Nxe3 27. Rxc6 0-1

[Event "ROM-ch blitz"]
[Site "Bucharest"]
[Date "2022.03.13"]
[Round "3"]
[White "Filip, Andrei"]
[Black "Ceteras, Marius Nicolae"]
[Result "0-1"]
[WhiteElo "1777"]
[BlackElo "2343"]
[PlyCount "78"]
[EventDate "2022.03.13"]
[EventType "swiss (blitz)"]
[EventRounds "9"]
[EventCountry "ROU"]
[SourceTitle "EXT 2023"]
[Source "ChessBase"]
[SourceDate "2022.10.05"]
[SourceVersion "1"]
[SourceVersionDate "2022.10.05"]
[SourceQuality "1"]

1. d4 d5 2. Bf4 c5 3. e3 Nc6 4. Nf3 Nf6 5. c3 Qb6 6. Qc1 Bf5 7. Nbd2 e6 8. Be2 Rc8 9. 0-0 Be7 10. b3 cxd4 11. exd4 Nb4 12. Qb2 Nd3 13. Bxd3 Bxd3 14. Rfe1 0-0 15. Ne5 Bg6 16. Nxg6 hxg6 17. Nf3 Rfd8 18. Ne5 Nd7 19. Rac1 Nxe5 20. Bxe5 Rc6 21. Qd2 Rdc8 22. Rc2 Bd6 23. Bxd6 Rxd6 24. Re3 Rdc6 25. Rf3 Qc7 26. Qe3 b5 27. b4 a5 28. a3 axb4 29. axb4 Rc4 30. g3 Rxb4 31. cxb4 Qxc2 32. Qf4 Qc1+ 33. Kg2 Qxf4 34. Rxf4 Rc4 35. Kf3 Rxb4 36. Ke3 g5 37. Rg4 f6 38. h4 gxh4 39. Rxh4 e5 0-1

[Event "ROM-ch Rapid"]
[Site "Bucharest"]
[Date "2022.03.12"]
[Round "3"]
[White "Ceteras, Marius Nicolae"]
[Black "Iustin, Silviu"]
[Result "1-0"]
[WhiteElo "2389"]
[BlackElo "2033"]
[PlyCount "74"]
[EventDate "2022.03.11"]
[EventType "swiss (rapid)"]
[EventRounds "9"]
[EventCountry "ROU"]
[SourceTitle "CBM 207 Extra"]
[Source "ChessBase"]
[SourceDate "2022.05.31"]
[SourceVersion "1"]
[SourceVersionDate "2022.05.31"]
[SourceQuality "1"]

1. d4 d5 2. c4 c6 3. Nf3 Nf6 4. Qc2 e6 5. g3 Be7 6. Bg2 0-0 7. Nbd2 a6 8. 0-0 b5 9. b3 Nbd7 10. e4 dxe4 11. Nxe4 bxc4 12. bxc4 Qa5 13. c5 Nxe4 14. Qxe4 Nf6 15. Qe2 Bd7 16. Ne5 Qc7 17. Bf4 Qc8 18. Rab1 Nd5 19. Bd2 Qc7 20. Rb3 Bc8 21. Ba5 Qxa5 22. Nxc6 Qc7 23. Bxd5 exd5 24. Nxe7+ Kh8 25. Nxd5 Qc6 26. Ne3 a5 27. Rc1 Re8 28. Qh5 g6 29. Qh4 Re4 30. Qh6 Be6 31. Rb6 Qa4 32. d5 Bg4 33. c6 Rae8 34. Nxg4 Rxg4 35. Qd2 Rge4 36. d6 Re2 37. d7 R2e3 1-0

[Event "ROM-chT"]
[Site "Baile Tusnad"]
[Date "2005.05.29"]
[Round "9"]
[White "Baklan, Vladimir"]
[Black "Ceteras, Marius Nicolae"]
[Result "1-0"]
[WhiteElo "2584"]
[BlackElo "2426"]
[PlyCount "89"]
[EventDate "2005.05.21"]
[EventType "team-tourn"]
[EventRounds "9"]
[EventCountry "ROU"]
[SourceTitle "CBM 106 Extra"]
[Source "ChessBase"]
[SourceDate "2005.07.01"]
[SourceVersion "1"]
[SourceVersionDate "2005.07.01"]
[SourceQuality "1"]

1. e4 g6 2. d4 Bg7 3. Nc3 c5 4. dxc5 Qa5 5. Bd2 Qxc5 6. Nd5 Na6 7. Nf3 e6 8. Bc3 Kf8 9. Bxg7+ Kxg7 10. Nc3 Nf6 11. Qd4 Qxd4 12. Nxd4 d6 13. Ndb5 Rd8 14. 0-0-0 Ne8 15. h4 e5 16. Bc4 Nc5 17. a4 a6 18. Na3 b6 19. f3 Bd7 20. b3 Rdc8 21. Kb2 Rab8 22. Be2 Rc7 23. Rd2 Rcb7 24. Nc4 b5 25. axb5 Bxb5 26. Nxb5 axb5 27. Nxd6 Nxd6 28. Rxd6 Ne6 29. Ra1 Nd4 30. Bd3 b4 31. Ra5 Re7 32. f4 f6 33. Bc4 Rbb7 34. Ra8 Nb5 35. Rg8+ Kh6 36. Bxb5 Rxb5 37. Rxf6 Rc5 38. Rd8 Kh5 39. Rd5 Rc8 40. Rxe5+ Rxe5 41. fxe5 Kxh4 42. e6 Rc5 43. e7 Re5 44. Rf7 h5 45. c4 1-0

[Event "ROM-chT"]
[Site "Baile Tusnad"]
[Date "2005.05.28"]
[Round "8"]
[White "Ceteras, Marius Nicolae"]
[Black "Gyimesi, Zoltan"]
[Result "1/2-1/2"]
[WhiteElo "2426"]
[BlackElo "2595"]
[PlyCount "51"]
[EventDate "2005.05.21"]
[EventType "team-tourn"]
[EventRounds "9"]
[EventCountry "ROU"]
[SourceTitle "CBM 106 Extra"]
[Source "ChessBase"]
[SourceDate "2005.07.01"]
[SourceVersion "1"]
[SourceVersionDate "2005.07.01"]
[SourceQuality "1"]

1. c4 e5 2. Nc3 Bb4 3. g3 Bxc3 4. dxc3 d6 5. Bg2 Ne7 6. Nf3 Nbc6 7. Nd2 Be6 8. b3 Qd7 9. e4 Bh3 10. Bxh3 Qxh3 11. Qe2 Qg2 12. Qf1 Qxf1+ 13. Nxf1 a6 14. Ne3 b5 15. a4 Na5 16. Ra3 bxa4 17. b4 Nb7 18. Bd2 a5 19. Ke2 Nc6 20. Rxa4 Rc8 21. Rb1 Kd7 22. Nc2 axb4 23. cxb4 Ra8 24. Rba1 Rxa4 25. Rxa4 Rb8 26. Be3 1/2-1/2

[Event "ROM-chT"]
[Site "Baile Tusnad"]
[Date "2005.05.25"]
[Round "5"]
[White "Sofronie, Iulian"]
[Black "Ceteras, Marius Nicolae"]
[Result "1-0"]
[WhiteElo "2449"]
[BlackElo "2426"]
[PlyCount "96"]
[EventDate "2005.05.21"]
[EventType "team-tourn"]
[EventRounds "9"]
[EventCountry "ROU"]
[SourceTitle "CBM 106 Extra"]
[Source "ChessBase"]
[SourceDate "2005.07.01"]
[SourceVersion "1"]
[SourceVersionDate "2005.07.01"]
[SourceQuality "1"]

1. e4 c5 2. Nf3 d6 3. Bc4 Nf6 4. e5 dxe5 5. Nxe5 e6 6. Qe2 Be7 7. b3 0-0 8. Bb2 Nd5 9. 0-0 Nd7 10. f4 N7b6 11. Bd3 f5 12. a3 Bf6 13. c4 Nc7 14. Qe3 Nd7 15. Be2 Nxe5 16. fxe5 Be7 17. d4 b6 18. Bf3 Rb8 19. Rd1 cxd4 20. Bxd4 Qe8 21. Nc3 Bb7 22. Bxb7 Rxb7 23. Qf3 Qc8 24. Bf2 Na6 25. b4 Rc7 26. Nb5 Rxc4 27. Nxa7 Qc7 28. Qe2 f4 29. Nb5 Qc6 30. Nd4 Qc8 31. b5 Rxd4 32. Bxd4 Nc5 33. Qf3 Qa8 34. a4 Qxf3 35. gxf3 Ra8 36. Bxc5 Bxc5+ 37. Kf1 Ra7 38. Ke2 g5 39. Kd3 Kf7 40. Ke4 Kg6 41. Ra2 h5 42. Rd8 Be3 43. Rd6 Kf7 44. a5 bxa5 45. b6 Rb7 46. Rxa5 Rxb6 47. Ra7+ Kg6 48. Rxb6 Bxb6 1-0

[Event "Torokbalint op"]
[Site "Torokbalint"]
[Date "2004.08.15"]
[Round "6"]
[White "Ceteras, Marius Nicolae"]
[Black "Wiley, Tom E"]
[Result "1-0"]
[WhiteElo "2425"]
[BlackElo "2243"]
[PlyCount "69"]
[EventDate "2004.08.13"]
[EventType "swiss"]
[EventRounds "7"]
[EventCountry "HUN"]
[SourceTitle "EXT 2008"]
[Source "ChessBase"]
[SourceDate "2007.11.25"]
[SourceVersion "1"]
[SourceVersionDate "2007.11.25"]
[SourceQuality "1"]

1. g3 d5 2. Bg2 c6 3. Nf3 Bg4 4. d3 Nd7 5. Nbd2 e5 6. 0-0 Ngf6 7. e4 Bd6 8. h3 Bh5 9. Qe1 d4 10. Nh4 Bc7 11. f4 exf4 12. gxf4 Nf8 13. Ndf3 Qd7 14. Nf5 Ne6 15. Ne5 Bxe5 16. fxe5 Ng8 17. Nd6+ Kf8 18. Qb4 Ne7 19. Qxb7 Qxb7 20. Nxb7 c5 21. Nd6 Nc6 22. a3 a5 23. Nc4 Ra6 24. Bd2 Ke7 25. Be1 Rb8 26. Bd2 Ra7 27. b3 Ra6 28. Rab1 Nf8 29. e6 fxe6 30. e5 h6 31. Bxc6 Rxc6 32. Bxa5 Nd7 33. b4 cxb4 34. Bxb4+ Kd8 35. Rf4 1-0

[Event "Torokbalint op"]
[Site "Torokbalint"]
[Date "2004.08.14"]
[Round "5"]
[White "Samu, Sorin Mihai"]
[Black "Ceteras, Marius Nicolae"]
[Result "1/2-1/2"]
[WhiteElo "2141"]
[BlackElo "2425"]
[PlyCount "81"]
[EventDate "2004.08.13"]
[EventType "swiss"]
[EventRounds "7"]
[EventCountry "HUN"]
[SourceTitle "EXT 2008"]
[Source "ChessBase"]
[SourceDate "2007.11.25"]
[SourceVersion "1"]
[SourceVersionDate "2007.11.25"]
[SourceQuality "1"]

1. f4 b6 2. g3 Bb7 3. Nf3 g6 4. d4 Bg7 5. c3 f5 6. Bg2 Nf6 7. 0-0 0-0 8. Na3 e6 9. Nc4 Qe7 10. a4 d6 11. Qb3 Nbd7 12. Ng5 Bxg2 13. Kxg2 h6 14. Nf3 a6 15. Be3 Kh7 16. Rae1 Rab8 17. Bc1 Rfc8 18. Ncd2 d5 19. Ne5 Nxe5 20. fxe5 Nd7 21. c4 c6 22. Qd3 Ra8 23. h4 Kg8 24. h5 g5 25. g4 fxg4 26. Qg3 Rf8 27. Qxg4 Rxf1 28. Rxf1 Rf8 29. cxd5 cxd5 30. e4 Rxf1 31. Kxf1 Nf8 32. exd5 exd5 33. Ke2 Ne6 34. Nf3 Qf7 35. Bd2 Bf8 36. Nh4 Nxd4+ 37. Qxd4 gxh4 38. Qxh4 Qf5 39. Be3 Kf7 40. Qf6+ Qxf6 41. exf6 1/2-1/2

[Event "ROM-ch"]
[Site "Curtea de Arges"]
[Date "2002.11.23"]
[Round "1.1"]
[White "Filip, Lucian Ioan"]
[Black "Ceteras, Marius Nicolae"]
[Result "0-1"]
[WhiteElo "2292"]
[BlackElo "2418"]
[PlyCount "36"]
[EventDate "2002.12.07"]
[EventType "k.o."]
[EventRounds "5"]
[EventCountry "ROU"]
[SourceTitle "CBM 091 Extra"]
[Source "ChessBase"]
[SourceDate "2003.01.09"]
[SourceVersion "1"]
[SourceVersionDate "2003.01.09"]
[SourceQuality "1"]

1. d4 e6 2. c4 Bb4+ 3. Bd2 Qe7 4. g3 Nf6 5. Bg2 Nc6 6. d5 Ne5 7. Qb3 Bc5 8. Nh3 c6 9. Nf4 0-0 10. 0-0 d6 11. Nc3 b5 12. cxb5 cxd5 13. a4 a5 14. Rad1 Bb7 15. Nb1 Ne4 16. Be3 f5 17. Bd4 g5 18. Bxe5 dxe5 0-1

[Event "ROM-chT"]
[Site "Romania"]
[Date "2002.??.??"]
[Round "1"]
[White "Nevednichy, Vladislav"]
[Black "Ceteras, Marius Nicolae"]
[Result "1-0"]
[WhiteElo "2569"]
[BlackElo "2415"]
[PlyCount "134"]
[EventDate "2002.??.??"]
[EventType "team-tourn"]
[EventRounds "5"]
[EventCountry "ROU"]
[SourceTitle "EXT 2008"]
[Source "ChessBase"]
[SourceDate "2007.11.25"]
[SourceVersion "1"]
[SourceVersionDate "2007.11.25"]
[SourceQuality "1"]

1. e4 c5 2. Nf3 d6 3. d4 cxd4 4. Nxd4 Nf6 5. Nc3 g6 6. g3 Nc6 7. Nde2 Bg7 8. Bg2 Rb8 9. a4 a6 10. h3 b5 11. axb5 axb5 12. Bg5 Nd7 13. Ra2 Nb4 14. Ra1 Nc6 15. Qc1 b4 16. Nd5 h6 17. Bd2 Nde5 18. b3 e6 19. Ndf4 Qf6 20. Ra2 0-0 21. 0-0 Bb7 22. Be3 Ra8 23. Rxa8 Rxa8 24. Kh1 Qe7 25. Qd2 Ra2 26. Nc1 Ra1 27. Rd1 Bf8 28. Nfe2 Kh7 29. f4 Nd7 30. Nd3 Rxd1+ 31. Qxd1 Nc5 32. Nf2 f5 33. Qd2 Nxe4 34. Nxe4 fxe4 35. Bxe4 d5 36. Bg2 Bg7 37. Qd3 Qc7 38. g4 Qa5 39. Bg1 Ba6 40. Qe3 e5 41. fxe5 Bxe2 42. Qxe2 Nxe5 43. Qd1 Qc7 44. Bxd5 Qe7 45. Kg2 Bf6 46. Bf2 Kg7 47. Be4 Qc7 48. Qd5 g5 49. Bc5 Be7 50. Bd4 Bf6 51. Qc5 Qb8 52. Qa7+ Qxa7 53. Bxa7 Be7 54. Kf2 h5 55. Bf5 Kf6 56. Bd4 Bd6 57. Ke3 hxg4 58. hxg4 Ke7 59. Ke4 Nc6 60. Bb2 Bf4 61. Kd5 Nd8 62. Bd4 Bd2 63. Bc5+ Kf6 64. Bb6 Nf7 65. Be6 Ke7 66. Bc5+ Kf6 67. Bxf7 Kxf7 1-0

[Event "ROM-chT2"]
[Site "Baile Tusnad"]
[Date "2000.??.??"]
[Round "?"]
[White "Ceteras, Marius Nicolae"]
[Black "Nanu, Ciprian Costica"]
[Result "1-0"]
[WhiteElo "2392"]
[BlackElo "2380"]
[PlyCount "91"]
[EventDate "2000.??.??"]
[EventType "team-tourn"]
[EventRounds "9"]
[EventCountry "ROU"]
[SourceTitle "EXT 2001"]
[Source "ChessBase"]
[SourceDate "2000.11.22"]
[SourceVersion "1"]
[SourceVersionDate "2000.11.22"]
[SourceQuality "1"]

1. d4 Nf6 2. Nf3 g6 3. Bg5 Bg7 4. Nbd2 0-0 5. c3 d5 6. e3 c6 7. Be2 Nbd7 8. 0-0 h6 9. Bh4 Ne4 10. Nxe4 dxe4 11. Nd2 g5 12. Bg3 f5 13. f3 exf3 14. Nxf3 Qe8 15. Bc4+ Kh8 16. Re1 g4 17. Ne5 Nxe5 18. Bxe5 Bxe5 19. dxe5 Qg6 20. Qd4 Be6 21. Rad1 Rfd8 22. Qf4 Kg7 23. a3 Bd5 24. Bxd5 cxd5 25. Rd4 e6 26. Red1 b5 27. a4 a6 28. Rb4 Qe8 29. Ra1 Rdc8 30. Rd4 Rc4 31. Rad1 Rac8 32. axb5 axb5 33. Kh1 Ra8 34. e4 Rxd4 35. cxd4 dxe4 36. d5 exd5 37. Qxf5 Qf7 38. Qxg4+ Kh7 39. e6 Qg6 40. Qxg6+ Kxg6 41. Kg1 e3 42. Kf1 Rf8+ 43. Ke2 Rf2+ 44. Kxe3 Rxg2 45. Re1 Rxb2 46. Kd3 1-0

[Event "ROM-chT"]
[Site "Sovata"]
[Date "1999.04.19"]
[Round "4"]
[White "Ceteras, Marius Nicolae"]
[Black "Badea, Bela"]
[Result "1/2-1/2"]
[WhiteElo "2353"]
[BlackElo "2479"]
[PlyCount "33"]
[EventDate "1999.04.16"]
[EventType "team-tourn"]
[EventRounds "5"]
[EventCountry "ROU"]
[SourceTitle "EXT 2000"]
[Source "ChessBase"]
[SourceDate "1999.11.16"]
[SourceVersion "1"]
[SourceVersionDate "1999.11.16"]
[SourceQuality "1"]

1. d4 g6 2. e4 d6 3. Bg5 c6 4. c3 Bg7 5. Nf3 d5 6. exd5 cxd5 7. Nbd2 Nh6 8. Bb5+ Bd7 9. Be2 f6 10. Bf4 Nf7 11. Nb3 b6 12. 0-0 0-0 13. Re1 Bc6 14. Bf1 Re8 15. Re6 Bd7 16. Re1 Bc6 17. Re6 1/2-1/2

[Event "ROM-chB"]
[Site "Alba Iulia"]
[Date "1997.??.??"]
[Round "?"]
[White "Ceteras, Marius Nicolae"]
[Black "Moraru, Marius"]
[Result "1/2-1/2"]
[WhiteElo "2395"]
[BlackElo "2290"]
[PlyCount "127"]
[EventDate "1997.07.??"]
[EventType "tourn"]
[EventRounds "9"]
[EventCountry "ROU"]
[EventCategory "6"]
[SourceTitle "EXT 2000"]
[Source "ChessBase"]
[SourceDate "1999.11.16"]
[SourceVersion "1"]
[SourceVersionDate "1999.11.16"]
[SourceQuality "1"]

1. d4 c5 2. c3 g6 3. Nf3 Bg7 4. Bg5 Nf6 5. Nbd2 cxd4 6. cxd4 d5 7. e3 Nc6 8. Be2 Ne4 9. Nxe4 dxe4 10. Nd2 Qa5 11. Bf4 e5 12. dxe5 0-0 13. a3 Nxe5 14. 0-0 Rd8 15. b4 Qb6 16. Qc1 Bf5 17. Bxe5 Bxe5 18. Nc4 Qc7 19. Nxe5 Qxe5 20. Ra2 Rac8 21. Rc2 Rxc2 22. Qxc2 Rc8 23. Qd2 Qc3 24. Qxc3 Rxc3 25. Ra1 Be6 26. Kf1 Rb3 27. Ke1 a6 28. Bd1 Rb2 29. Rc1 Ra2 30. Rc3 b5 31. Bc2 f5 32. f3 exf3 33. gxf3 Bc4 34. Kf2 Kf7 35. Kg3 Ke6 36. Bb3 Bxb3 37. Rxb3 Rc2 38. Rd3 h6 39. h4 g5 40. h5 Ke5 41. Rd8 Rc3 42. Re8+ Kf6 43. Rf8+ Ke6 44. Rh8 Rxe3 45. Rxh6+ Ke5 46. Rh8 Rxa3 47. h6 g4 48. Re8+ Kd4 49. h7 Rxf3+ 50. Kg2 Rh3 51. h8Q+ Rxh8 52. Rxh8 Kc4 53. Rh6 Kxb4 54. Rxa6 Kc4 55. Kf2 b4 56. Ke3 b3 57. Kd2 g3 58. Rg6 b2 59. Kc2 f4 60. Rg4 Kd4 61. Rxf4+ Ke3 62. Rg4 Kf2 63. Kxb2 g2 64. Rxg2+ 1/2-1/2

[Event "ROM-ch"]
[Site "Bucharest"]
[Date "1994.??.??"]
[Round "11"]
[White "Ardeleanu, Alin"]
[Black "Ceteras, Marius Nicolae"]
[Result "0-1"]
[WhiteElo "2370"]
[BlackElo "2330"]
[PlyCount "94"]
[EventDate "1994.11.??"]
[EventType "tourn"]
[EventRounds "13"]
[EventCountry "ROU"]
[SourceTitle "EXT 1998"]
[Source "ChessBase"]
[SourceDate "1997.11.17"]
[SourceVersion "1"]
[SourceVersionDate "1997.11.17"]
[SourceQuality "1"]

1. e4 c5 2. Nf3 Nc6 3. Bb5 d6 4. Bxc6+ bxc6 5. 0-0 e5 6. c3 Nf6 7. Re1 Bg4 8. h3 Bxf3 9. Qxf3 Be7 10. d3 0-0 11. Nd2 Ne8 12. Nc4 Bg5 13. Be3 Bxe3 14. Nxe3 Nc7 15. g3 g6 16. h4 Rb8 17. Re2 Ne6 18. Kg2 Ng7 19. Nc4 Qd7 20. Qf6 Rbd8 21. d4 cxd4 22. cxd4 Nh5 23. Qf3 exd4 24. Rd1 c5 25. b3 Ng7 26. e5 dxe5 27. Rxe5 Qc7 28. Qf6 Rfe8 29. Rde1 Rxe5 30. Rxe5 Re8 31. Rd5 Nf5 32. Rxf5 gxf5 33. Qg5+ Kf8 34. Qh6+ Ke7 35. Qg5+ Ke6 36. g4 Qc6+ 37. f3 Qd5 38. Qh6+ Kd7 39. Qa6 fxg4 40. Qxa7+ Ke6 41. Qb6+ Ke7 42. Kg1 gxf3 43. Kf2 Kf8 44. Nd6 Re2+ 45. Kf1 Qe5 46. Qc7 Re1+ 47. Kf2 Qe3+ 0-1

[Event "ROM-ch"]
[Site "Bucharest"]
[Date "1994.??.??"]
[Round "8"]
[White "Ceteras, Marius Nicolae"]
[Black "Dumitrache, Dragos Nicolae"]
[Result "0-1"]
[WhiteElo "2330"]
[BlackElo "2475"]
[PlyCount "72"]
[EventDate "1994.11.??"]
[EventType "tourn"]
[EventRounds "13"]
[EventCountry "ROU"]
[SourceTitle "EXT 1998"]
[Source "ChessBase"]
[SourceDate "1997.11.17"]
[SourceVersion "1"]
[SourceVersionDate "1997.11.17"]
[SourceQuality "1"]

1. d4 f5 2. Nc3 d5 3. Bf4 c6 4. e3 Nf6 5. Bd3 e6 6. Nf3 Be7 7. Ne2 0-0 8. h3 Ne4 9. c3 Nd7 10. Ne5 Bh4 11. 0-0 Bf6 12. Nxd7 Bxd7 13. f3 Ng5 14. Qb3 Qb6 15. Qxb6 axb6 16. Bc7 b5 17. f4 Nf7 18. g4 Be7 19. Kg2 Rfc8 20. Bb6 Ra6 21. Bc5 Bd8 22. Kf3 b6 23. Ba3 Ra7 24. Rg1 c5 25. gxf5 exf5 26. Ng3 Nh6 27. Rad1 Be7 28. dxc5 bxc5 29. Bc2 b4 30. cxb4 cxb4 31. Nh5 g6 32. Bxb4 Bxb4 33. Bb3 Be7 34. Rxd5 Bc6 35. Rc1 Kf8 36. Kf2 gxh5 0-1

[Event "ROM-ch"]
[Site "Bucharest"]
[Date "1994.??.??"]
[Round "4"]
[White "Ceteras, Marius Nicolae"]
[Black "Grigore, George Gabriel"]
[Result "1-0"]
[WhiteElo "2330"]
[BlackElo "2440"]
[PlyCount "67"]
[EventDate "1994.11.??"]
[EventType "tourn"]
[EventRounds "13"]
[EventCountry "ROU"]
[SourceTitle "EXT 1998"]
[Source "ChessBase"]
[SourceDate "1997.11.17"]
[SourceVersion "1"]
[SourceVersionDate "1997.11.17"]
[SourceQuality "1"]

1. d4 Nf6 2. c4 d6 3. Nc3 Nbd7 4. g3 e5 5. Bg2 g6 6. e3 Bg7 7. Nge2 0-0 8. 0-0 Re8 9. b3 h5 10. a4 a5 11. Ba3 h4 12. Rc1 Bh6 13. Nd5 e4 14. Qc2 c6 15. Ndc3 Qe7 16. gxh4 Nf8 17. Ng3 Bf5 18. Rce1 Qe6 19. Nxf5 gxf5 20. d5 cxd5 21. Nxd5 Nxd5 22. cxd5 Qe7 23. Qe2 Nd7 24. Qh5 Qf6 25. Kh1 Ne5 26. Rg1 Kf8 27. Bh3 Ke7 28. Bb2 f4 29. Bxe5 dxe5 30. d6+ Kxd6 31. Rd1+ Kc5 32. Qe2 Qa6 33. Qc2+ Kb4 34. Rd5 1-0

[Event "ROM-ch"]
[Site "Bucharest"]
[Date "1994.??.??"]
[Round "6"]
[White "Ceteras, Marius Nicolae"]
[Black "Marin, Mihail"]
[Result "0-1"]
[WhiteElo "2330"]
[BlackElo "2520"]
[PlyCount "80"]
[EventDate "1994.11.??"]
[EventType "tourn"]
[EventRounds "13"]
[EventCountry "ROU"]
[SourceTitle "EXT 1998"]
[Source "ChessBase"]
[SourceDate "1997.11.17"]
[SourceVersion "1"]
[SourceVersionDate "1997.11.17"]
[SourceQuality "1"]

1. d4 Nf6 2. c4 e6 3. Nc3 Bb4 4. f3 d5 5. a3 Bxc3+ 6. bxc3 c5 7. cxd5 exd5 8. e3 Qc7 9. Ra2 cxd4 10. cxd4 Bf5 11. g4 Bg6 12. Ne2 Nbd7 13. Bg2 Rc8 14. g5 Nh5 15. e4 0-0 16. 0-0 Rfe8 17. e5 Bc2 18. Qd2 Nb6 19. Bh3 Bb3 20. Ra1 g6 21. f4 Ng7 22. Rf3 Nc4 23. Qd3 Ba4 24. Nc3 Bc6 25. f5 Rcd8 26. Rf4 Nh5 27. Rf2 b5 28. Bg4 Ng7 29. f6 Ne6 30. Qh3 h5 31. gxh6 Kh7 32. Ne2 a5 33. Qd3 b4 34. axb4 axb4 35. Rb1 Bb5 36. Qb3 Na5 37. Qxb4 Bxe2 38. Rxe2 Rb8 39. Qa4 Rxb1 40. Qxe8 Qxc1+ 0-1

[Event "ROM-ch"]
[Site "Bucharest"]
[Date "1994.??.??"]
[Round "10"]
[White "Ceteras, Marius Nicolae"]
[Black "Vasiesiu, Dan"]
[Result "0-1"]
[WhiteElo "2330"]
[BlackElo "2415"]
[PlyCount "112"]
[EventDate "1994.11.??"]
[EventType "tourn"]
[EventRounds "13"]
[EventCountry "ROU"]
[SourceTitle "EXT 1998"]
[Source "ChessBase"]
[SourceDate "1997.11.17"]
[SourceVersion "1"]
[SourceVersionDate "1997.11.17"]
[SourceQuality "1"]

1. c4 g6 2. Nc3 Bg7 3. d4 d6 4. e4 Nf6 5. f3 0-0 6. Be3 c5 7. dxc5 dxc5 8. Qxd8 Rxd8 9. Bxc5 Nc6 10. Nd5 Nd7 11. Ba3 e6 12. Nc7 Rb8 13. 0-0-0 a6 14. f4 Bf8 15. Bxf8 Kxf8 16. Nf3 Nf6 17. Rxd8+ Nxd8 18. e5 Nh5 19. b4 Bd7 20. b5 Rc8 21. b6 Bc6 22. Ng5 Nxf4 23. Nxh7+ Kg7 24. Nf6 Kh6 25. Rg1 g5 26. g3 Ng6 27. Ng4+ Kg7 28. Be2 Ba4 29. Bd1 Bxd1 30. Rxd1 Nc6 31. Rd7 Kf8 32. Nxa6 bxa6 33. b7 Rb8 34. Rc7 Nge7 35. Nf6 Nxe5 36. Kc2 N7c6 37. Kc3 Kg7 38. Ne4 Kg6 39. Nc5 Nd8 40. a3 f5 41. Kd4 Nec6+ 42. Kc3 e5 43. Kd3 g4 44. Kc3 f4 45. gxf4 exf4 46. Kd3 Kf5 47. Ke2 Nd4+ 48. Kf2 N4e6 49. Nxa6 Rxb7 50. Rxb7 Nxb7 51. Nb4 Nd6 52. Nd5 Nxc4 53. a4 Ng5 54. Ne7+ Ke4 55. Ng8 Nh3+ 56. Ke1 g3 0-1